| 000 | 00973nam a22001937a 4500 | ||
|---|---|---|---|
| 999 |
_c58691 _d58691 |
||
| 003 | Ge_BSU | ||
| 005 | 20220629130437.0 | ||
| 008 | 220629s2021 ge ||||| |||| 00| 0 geo d | ||
| 041 | _ageo | ||
| 080 | _a634.63 ზ-44 | ||
| 245 |
_aზეთისხილი : _bზეთისხილის წარმოების აგროტექნოლოგია / _cგარემოს დაცვითი ინფორმაციისა და განათლების ცენტრი. |
||
| 264 | _c2021. | ||
| 300 |
_a30 გვ. : _bილ. ; _c30 სმ. |
||
| 504 | _aბიბლიოგრ. გვ. 30 | ||
| 653 | _aზეთისხილი | ||
| 653 | _aზეთისხილის წარმოების აგროტექნოლოგია | ||
| 710 |
_aგარემოს დაცვითი ინფორმაციისა და განათლების ცენტრი _914245 |
||
| 942 |
_2udc _cBK |
||